[Event "7th Tan Chin Nam Cup"]
[Site "Shanghai CHN"]
[Date "2001.07.12"]
[Round "4"]
[White "Tkachiev,V"]
[Black "Zhang Zhong"]
[Result "1/2-1/2"]
[WhiteElo "2642"]
[BlackElo "2632"]

1.d4 Nf6 2.c4 e6 3.Nf3 b6 4.a3 Ba6 5.Qc2 Bb7 6.Nc3 c5 7.e4 cxd4 8.Nxd4 Bc5
9.Nb3 Nc6 10.Bg5 h6 11.Bh4 Nd4 12.Nxd4 Bxd4 13.Bd3 Qb8 14.Bg3 Be5 15.O-O-O O-O
16.Kb1 Rc8 17.Qe2 d6 18.Bxe5 dxe5 19.g4 Nh7 20.h4 f6 21.Bc2 Qc7 22.Bb3 Qe7
23.Rd2 Ba6 24.Rhd1 Nf8 25.h5 Rc7 26.Nb5 Bxb5 27.cxb5 Rac8 28.Rd6 Rc1+ 29.Ka2 Rxd1
30.Qxd1 Rc5 31.a4 Rc7 32.Rd8 Kf7 33.Ra8 Qd7 34.Qxd7+ Rxd7 35.Ka3 Rc7 36.Kb4 Nd7
37.f3 Ke7 38.Bc4 Kf7  1/2-1/2

[Event "7th Tan Chin Nam Cup"]
[Site "Shanghai CHN"]
[Date "2001.07.16"]
[Round "7"]
[White "Krasenkow,M"]
[Black "Tkachiev,V"]
[Result "1/2-1/2"]
[WhiteElo "2573"]
[BlackElo "2642"]

1.d4 Nf6 2.c4 e6 3.Nf3 b6 4.a3 Bb7 5.Nc3 d5 6.Bg5 Be7 7.Qc2 O-O 8.e3 Nbd7
9.cxd5 Nxd5 10.Bxe7 Nxe7 11.Rd1 Rc8 12.Bd3 Nf6 13.b4 Ned5 14.Nxd5 Qxd5 15.O-O Qh5
16.Qe2 c5 17.dxc5  1/2-1/2

[Event "Lasker Mem Open"]
[Site "Barlinek CZE"]
[Date "2001.07.17"]
[Round "2"]
[White "Szczechowicz,B"]
[Black "Bator,R"]
[Result "1/2-1/2"]
[WhiteElo "2298"]
[BlackElo "2403"]

1.d4 Nf6 2.Nf3 e6 3.c4 b6 4.a3 Bb7 5.Nc3 d5 6.cxd5 exd5 7.g3 Be7 8.Bh3 O-O
9.O-O c5 10.Bf4 Nc6 11.Rc1 a6 12.dxc5 bxc5 13.Na4 Ne4 14.Qb3 Bc8 15.Bxc8 Rxc8
16.Rcd1 c4 17.Qb6 Qd7 18.Qxa6 Qe6 19.Nb6 Nb8 20.Qa5 Bd8 21.Be3 Nd7 22.Qxd5 Nxb6
23.Qxe6 fxe6 24.Rxd8 Rfxd8 25.Bxb6 Rd6 26.Bd4 Nd2 27.Be5 Rd5 28.Nxd2 Rxe5
29.e3 Rb5 30.Rc1 Rxb2 31.Rxc4 Rxc4 32.Nxc4 Rc2 33.Nd6 Rc6 34.Ne4 Kf7 35.a4 Ke7
36.Kg2 Rc4 37.Kf3 Rxa4 38.h4 Ra2 39.Kf4 Ra4 40.Kf3 h6 41.Nc3 Ra1 42.Ne2 Kf6
43.Nc3 Rc1 44.Ne2 Rc8 45.Nd4 Ke5 46.Kg2 Kd5 47.Nf3 Ra8 48.Nd4 Ra6 49.Nf3 Ke4
50.Nd2+ Kd3 51.Nf3 Ra5 52.Nd4 Ra6 53.Nf3 Ke4 54.Nd2+  1/2-1/2

[Event "Trofeo Intel Pentium"]
[Site "Milan ITA"]
[Date "2001.07.18"]
[Round "9"]
[White "Cebalo,M"]
[Black "Lanzani,M"]
[Result "1-0"]
[WhiteElo "2476"]
[BlackElo "2380"]

1.d4 Nf6 2.c4 e6 3.Nf3 b6 4.a3 Bb7 5.Nc3 d5 6.Bg5 Be7 7.Qa4+ Qd7 8.Qb3 dxc4
9.Qxc4 O-O 10.Rd1 a6 11.e3 b5 12.Qb3 c5 13.dxc5 Qc7 14.Bxf6 Bxf6 15.Bd3 Qxc5
16.Ne4 Bxe4 17.Bxe4 Ra7 18.O-O Nd7 19.Rc1 Qh5 20.Qc2 g6 21.Rfd1 Nb6 22.Qc6 Nc4
23.b3 Nxa3 24.Rc5 Qh6 25.Qb6 Re7 26.Qxa6 Bb2 27.Qd6 Ra7 28.g3 Qg7 29.Nd4 Bxd4
30.Rxd4 Qf6 31.Rc7 Rxc7 32.Qxc7 Re8 33.Qa7 Qe7 34.Rd7 Qf8 35.h4 h5 36.Qd4 Rb8
37.Qe5 Re8 38.Ra7 b4 39.Rb7 Qg7 40.Qg5 Nb1 41.Qb5 Rc8 42.Rb8 Rxb8 43.Qxb8+ Kh7
44.Bxb1 Qa1 45.Qxb4 Qxb1+ 46.Kg2 Qf5 47.Qc4 e5 48.e4 Qd7 49.b4 f5 50.Qd5 Qe8
51.exf5 gxf5 52.b5 f4 53.Qb7+ Kh8 54.Qc6 Qf8 55.b6 fxg3 56.fxg3 Qb4 57.b7 Qb2+
58.Kh3 Qb1 59.Qe8+  1-0

[Event "Politiken Cup"]
[Site "Copenhagen DEN"]
[Date "2001.07.19"]
[Round "4"]
[White "Jepson,C"]
[Black "Psakhis,L"]
[Result "1-0"]
[WhiteElo "2373"]
[BlackElo "2566"]

1.d4 e6 2.c4 Nf6 3.Nf3 b6 4.a3 Bb7 5.Nc3 d5 6.Bg5 Be7 7.Qa4+ Qd7 8.Qxd7+ Nbxd7
9.Nb5 O-O 10.cxd5 Nxd5 11.Bxe7 Nxe7 12.Nxc7 Rac8 13.Nb5 Rc2 14.Rb1 Be4 15.Ng5 Nf6
16.Nxa7 Bd5 17.e4 Ba2 18.Ra1 Rxb2 19.Bd3 Ra8 20.Nb5 Ng6 21.g3 e5 22.O-O exd4
23.f4 Ng4 24.Nf3 Nf8 25.Nfxd4 Ne6 26.Be2 Ne3 27.Rf3 Nxd4 28.Nxd4 Rxa3 29.Bf1 Ra4
30.Rxe3 Rxd4 31.Ra3 g5 32.R3xa2 Rxa2 33.Rxa2 gxf4 34.Bg2 fxg3 35.hxg3 b5
36.Rb2 b4 37.Kf2 Rc4 38.Ke3 Rc3+ 39.Kf4 b3 40.Bf3  1-0

[Event "Lasker Mem Open"]
[Site "Barlinek CZE"]
[Date "2001.07.20"]
[Round "5"]
[White "Bator,R"]
[Black "Mikhaletz,L"]
[Result "0-1"]
[WhiteElo "2403"]
[BlackElo "2485"]

1.d4 Nf6 2.Nf3 e6 3.c4 b6 4.a3 Bb7 5.Nc3 d5 6.cxd5 Nxd5 7.Bd2 Nd7 8.Qc2 Be7
9.e4 Nxc3 10.bxc3 c5 11.Bd3 Rc8 12.Qb1 h6 13.O-O O-O 14.a4 e5 15.dxe5 c4
16.Bc2 Nxe5 17.Nd4 Bc5 18.Bf4 Bxd4 19.cxd4 Qxd4 20.Rd1 Qc5 21.a5 Ng4 22.Bg3 b5
23.a6 Bc6 24.h3 Ne5 25.Bf4 Rfe8 26.Be3 Qe7 27.Ra5 Red8 28.Rxd8+ Rxd8 29.Rxb5 Bxb5
30.Qxb5 Rc8 31.f4 Qa3 32.Bxa7 Qc1+ 33.Kh2 Qxf4+ 34.Kh1 Nd3 35.Qd7 Ra8 36.Qb7 Rf8
37.Bg1 Qc1 38.Bxd3 cxd3 39.a7 d2 40.a8=Q Rxa8 41.Qxa8+ Kh7  0-1

[Event "3rd Open"]
[Site "Patras GRE"]
[Date "2001.07.20"]
[Round "3"]
[White "Rychagov,A"]
[Black "Nikolaidis,K"]
[Result "1-0"]
[WhiteElo "2505"]
[BlackElo "2354"]

1.d4 Nf6 2.c4 e6 3.Nf3 b6 4.a3 Bb7 5.Nc3 d5 6.cxd5 Nxd5 7.Qc2 Nxc3 8.bxc3 c5
9.e4 Nd7 10.Bd3 Be7 11.O-O Rc8 12.Qe2 O-O 13.Bf4 Nf6 14.Rfd1 Nh5 15.Be3 Qc7
16.g3 g6 17.a4 Rfd8 18.Rdc1 Kh8 19.a5 f6 20.Nd2 f5 21.axb6 axb6 22.Bc4 e5
23.Nf3 f4 24.Bd2 fxg3 25.hxg3 exd4 26.cxd4 Nxg3 27.fxg3 Qxg3+ 28.Qg2 Qxg2+
29.Kxg2 Bxe4 30.Re1 Bxf3+ 31.Kxf3 Bf6 32.Ra7 Rf8 33.Kg3 cxd4 34.Bd3 Rce8
35.Rxe8 Rxe8 36.Bh6 Rb8 37.Kf3 Rc8 38.Rf7 Be5 39.Ke4 Bd6 40.Bb1 Ra8 41.Bc2 Re8+
42.Kd5 Rd8 43.Ke6 d3 44.Bb3 d2 45.Bg7+ Kg8 46.Rd7 d1=Q 47.Kf6+  1-0

[Event "16th Maccabia GM"]
[Site "Tel Aviv ISR"]
[Date "2001.07.20"]
[Round "6"]
[White "Mikhalevski,A"]
[Black "Kaspi,A"]
[Result "1/2-1/2"]
[WhiteElo "2439"]
[BlackElo "2446"]

1.d4 Nf6 2.c4 e6 3.Nf3 b6 4.a3 Bb7 5.Nc3 g6 6.Bg5 h6 7.Bh4 Be7 8.e3 d6 9.d5 e5
10.Bxf6 Bxf6 11.h4 h5 12.g3 Be7 13.Bh3 a5 14.O-O Nd7 15.b4 O-O 16.e4 Bc8
17.Kg2 f5 18.exf5 gxf5 19.Qc2 e4 20.Nxe4 fxe4 21.Qxe4 Ne5 22.Nxe5 dxe5 23.Qg6+ Kh8
24.Bxc8 Qxc8 25.Qh6+ Kg8 26.Qg6+ Kh8 27.Qh6+  1/2-1/2

[Event "Politiken Cup"]
[Site "Copenhagen DEN"]
[Date "2001.07.24"]
[Round "10"]
[White "Jakobsen,O"]
[Black "Nilssen,J"]
[Result "1/2-1/2"]
[WhiteElo "2398"]
[BlackElo "2333"]

1.d4 Nf6 2.c4 e6 3.Nf3 b6 4.a3 Ba6 5.Qc2 Bb7 6.Nc3 c5 7.e4 cxd4 8.Nxd4 Bc5
9.Nb3 Nc6 10.Nxc5 bxc5 11.Bd3 d6 12.O-O O-O 13.h3 h6 14.Be3 a5 15.f4 e5 16.f5 Nd4
17.Qf2 Bc6 18.g4 Nh7 19.h4 Rb8 20.Rab1 g5 21.Nd5 f6 22.b4 axb4 23.axb4 Bxd5
24.cxd5 cxb4 25.Bxd4 exd4 26.Qxd4 Qb6 27.Qxb6 Rxb6 28.Kf2 gxh4 29.Rh1 Ng5
30.Rxh4 Nf7 31.Ke3 b3 32.Rb2 Ne5 33.Be2 Kg7 34.Rh1 Rc8 35.Ra1 Rc7 36.Ra3 Rcb7
37.Ra4 Nd7 38.Ra6 Nc5 39.Rxb6 Rxb6 40.Bc4 Rb4 41.Kd4 Ra4 42.Kc3 Ra2 43.Re2 Kh7
44.Bb5 Kg8 45.Bc4 Kf8 46.Rxa2 bxa2 47.Kb2 Nxe4 48.Kxa2 Ke7 49.Ka3 Kd8 50.Kb4 Kc7
51.Ka5 Kb7 52.Ba6+ Ka7 53.Bc4 Nc3 54.Bb3 Kb7 55.Bc4 Nd1 56.Be2 Ne3 57.Bf3 Kc7
58.Kb5 Kd7 59.Kb6 Ke7 60.Kc7 h5 61.gxh5 Nxf5 62.Bh1 Nh6 63.Bf3 f5 64.Bg2 Nf7
65.Bh1 Nh6 66.Bf3 Ng8 67.Bd1 Nf6 68.Bf3 Ng4 69.Bg2 Nf6  1/2-1/2

[Event "ch-Paris Open"]
[Site "Paris FRA"]
[Date "2001.07.26"]
[Round "6"]
[White "Khenkin,I"]
[Black "Handke,F"]
[Result "1-0"]
[WhiteElo "2579"]
[BlackElo "2384"]

1.d4 Nf6 2.c4 e6 3.Nf3 b6 4.a3 Ba6 5.e3 Be7 6.Bd3 d5 7.cxd5 Bxd3 8.Qxd3 exd5
9.Nc3 O-O 10.O-O Nbd7 11.Ne5 Bd6 12.f4 a6 13.Bd2 b5 14.Be1 Nb6 15.Bh4 Be7
16.e4 Qd6 17.Bxf6 Bxf6 18.exd5 Nxd5 19.Ne4 Qd8 20.Rac1 Be7 21.f5 Nf6 22.Nc6 Qd7
23.Nxe7+ Qxe7 24.Nxf6+ Qxf6 25.Rxc7 Rad8 26.Rd1 h6 27.b4 Rd6 28.Qe4 Rfd8
29.d5 Kf8 30.h3 Re8 31.Qc2 Qe5 32.Qc5 Rd8 33.Rc6 Ke7 34.Rxa6 Rd7 35.Rxd6 Rxd6
36.Qxb5 Kf6  1-0

[Event "Keres Mem Open"]
[Site "Tallinn EST"]
[Date "2001.07.28"]
[Round "5"]
[White "Yewdokimov,O"]
[Black "Yemelin,V"]
[Result "1-0"]
[WhiteElo "2390"]
[BlackElo "2507"]

1.d4 Nf6 2.c4 e6 3.Nf3 b6 4.a3 c5 5.d5 Ba6 6.e3 exd5 7.cxd5 Bxf1 8.Kxf1 g6
9.Nc3 Bg7 10.g3 O-O 11.Kg2 d6 12.e4 Nbd7 13.Bf4 Qb8 14.h3 b5 15.Qc2 a6 16.Rhe1 c4
17.Nd4 Nc5 18.Nc6 Qc7 19.Re2 Rfe8 20.g4 Ncxe4 21.Rxe4 Rxe4 22.Bxd6 Rxg4+
23.hxg4 Qxd6 24.f3 Re8 25.Qd2 Re6 26.Nd4 Re7 27.Nc6 Re6 28.Nd4 Re8 29.Nc6 Rc8
30.Rd1 Nxd5 31.Nxd5 Rxc6 32.Qe1 Bf6 33.Nxf6+ Qxf6 34.Qe8+ Kg7 35.Rd8 Kh6
36.Qf8+ Kg5 37.Rd5+ Kf4 38.Qh6+ g5 39.Qh2+ Ke3 40.Qg1+  1-0

[Event "Keres Mem Open"]
[Site "Tallinn EST"]
[Date "2001.07.28"]
[Round "6"]
[White "Cmilyte,V"]
[Black "Gavrikov,Vi"]
[Result "0-1"]
[WhiteElo "2464"]
[BlackElo "2567"]

1.d4 Nf6 2.c4 e6 3.Nf3 b6 4.a3 Bb7 5.Nc3 d5 6.Qc2 dxc4 7.e4 c5 8.d5 exd5
9.exd5 a6 10.Bxc4 b5 11.Ba2 Bd6 12.O-O O-O 13.Bg5 Nbd7 14.Rfe1 Qb8 15.Rad1 c4
16.Bb1 g6 17.h4 Re8 18.Qd2 Qa7 19.Ne4 Nxe4 20.Bxe4 Bc5 21.h5 Qb6 22.Bb1 Rxe1+
23.Rxe1 Qd6 24.Rd1 Nf6 25.hxg6 hxg6 26.Bh4 Re8 27.Qh6 Ng4 28.Qg5 Bc8 29.Qd2 Bd7
30.Qc2 Re3 31.fxe3 Nxe3 32.Qe2 Nxd1+ 33.Kh1 Ne3 34.Bf2 Qxd5 35.Bxe3 Qe6  0-1

[Event "MTO"]
[Site "Biel SUI"]
[Date "2001.07.29"]
[Round "6"]
[White "Riazantsev,A"]
[Black "Pikula,D"]
[Result "1/2-1/2"]
[WhiteElo "2509"]
[BlackElo "2458"]

1.d4 Nf6 2.c4 e6 3.Nf3 b6 4.a3 Ba6 5.Qc2 Bb7 6.Nc3 c5 7.e4 cxd4 8.Nxd4 d6
9.Be2 Nbd7 10.O-O a6 11.Be3 Be7 12.f3 Qc7 13.Rac1 O-O 14.Rfd1 Rac8 15.Bf1 Qb8
16.Qf2 Bd8 17.Kh1 Bc7 18.Qg1 Ne5 19.b4 Nfd7 20.Nb3 Rcd8 21.Rd2 Ng6 22.Rb1 h6
23.a4 Nge5 24.c5 dxc5 25.bxc5 bxc5 26.Rdb2 Qa8 27.Nxc5 Bc8 28.Nb7 Rde8 29.Qf2 Nc6
30.Na2 Be5 31.Rb3 Bxb7 32.Rxb7 Rb8 33.Rxb8 Rxb8 34.Rxb8+ Ncxb8 35.f4 Bc7
36.e5 Qc6 37.Qb2  1/2-1/2

[Event "GM"]
[Site "Biel SUI"]
[Date "2001.07.30"]
[Round "7"]
[White "Pelletier,Y"]
[Black "Gelfand,B"]
[Result "1/2-1/2"]
[WhiteElo "2531"]
[BlackElo "2704"]

1.d4 Nf6 2.c4 e6 3.Nf3 b6 4.a3 c5 5.d5 Ba6 6.Qc2 exd5 7.cxd5 g6 8.Nc3 Bg7
9.g3 O-O 10.Bg2 d6 11.O-O Re8 12.Re1 Nbd7 13.Bf4 Qe7 14.Qa4 Bb7 15.Nb5 Ne5
16.Nxe5 dxe5 17.d6 Qd7 18.Bxb7 Qxb7 19.Bg5 Qc6 20.Bxf6 Bxf6 21.Qa6 Red8 22.e4 Rd7
23.Rad1 Qc8 24.Qxc8+ Rxc8 25.Rd5 Rc6 26.f4 a6 27.fxe5 axb5 28.exf6 Rdxd6
29.Rxd6 Rxd6 30.e5 Rd2 31.Re3 c4 32.b3 h5 33.Rc3 cxb3 34.Rxb3 Rd5 35.Re3 g5
36.h3 Kh7 37.Kf2 Kg6 38.g4 hxg4 39.hxg4 Rd4 40.Kf3 Rf4+ 41.Kg3 b4 42.axb4  1/2-1/2

[Event "Keres Mem Open"]
[Site "Tallinn EST"]
[Date "2001.07.30"]
[Round "8"]
[White "Cmilyte,V"]
[Black "Smirnov,Ar"]
[Result "1-0"]
[WhiteElo "2464"]
[BlackElo "2281"]

1.d4 Nf6 2.c4 e6 3.Nf3 b6 4.a3 c5 5.d5 Ba6 6.Qa4 b5 7.cxb5 Bb7 8.dxe6 fxe6
9.Nc3 Be7 10.e4 O-O 11.e5 Nd5 12.Qg4 a6 13.Bd3 Nxc3 14.bxc3 c4 15.Bc2 Qa5
16.Bd2 Rf7 17.Be4 Qxb5 18.a4 Qb3 19.Rb1 Bxe4 20.Qxe4 Qa2 21.O-O Nc6 22.Ra1 Qb3
23.Rfb1  1-0

[Event "MTO"]
[Site "Biel SUI"]
[Date "2001.08.03"]
[Round "11"]
[White "Bagirov,R"]
[Black "Senff,M"]
[Result "0-1"]
[WhiteElo "2458"]
[BlackElo "2459"]

1.d4 Nf6 2.c4 e6 3.Nf3 b6 4.a3 Ba6 5.Qc2 Bb7 6.Nc3 c5 7.e4 cxd4 8.Nxd4 Nc6
9.Nxc6 Bxc6 10.Bf4 Bc5 11.Rd1 a5 12.Be2 O-O 13.O-O Qe7 14.Qd3 e5 15.Be3 Rfd8
16.f3 Ne8 17.g3 Nc7 18.Kg2 Bxe3 19.Qxe3 Qc5 20.Kf2 Ne6 21.Nd5 Kf8 22.Rc1 Rab8
23.b4 Qxe3+ 24.Kxe3 Nd4 25.Bd3 Rdc8 26.f4 d6 27.Rf2 Rb7 28.fxe5 dxe5 29.c5 axb4
30.Ba6 Ra8 31.Bxb7 Rxa3+ 32.Kd2 Bxb7 33.c6 Bxc6 34.Rb1 Bxd5 35.exd5 e4 36.Rf4 f5
37.g4 Ra2+ 38.Kd1 g5 39.Rxf5+ Nxf5 40.gxf5 Ra5 41.Rxb4 Rxd5+ 42.Ke2 b5 43.Rxe4 Rxf5
44.Re6 b4 45.Rb6 Rf4 46.Ke3 Kg7  0-1

[Event "Pricenet Cup"]
[Site "Olomouc CZE"]
[Date "2001.08.03"]
[Round "2"]
[White "Dudas,Jan"]
[Black "Krejci,J"]
[Result "1-0"]
[WhiteElo "2238"]
[BlackElo "2319"]

1.d4 Nf6 2.c4 e6 3.Nf3 b6 4.a3 c5 5.d5 Ba6 6.Qc2 exd5 7.cxd5 g6 8.Nc3 Bg7
9.g3 O-O 10.Bg2 d6 11.O-O Re8 12.Re1 Nbd7 13.e4 Ng4 14.Bg5 f6 15.Bf4 Nge5
16.Rad1 b5 17.Nxe5 Nxe5 18.Be3 Rc8 19.Ne2 Rc7 20.f4 Nc4 21.Bc1 Bc8 22.b3 Nb6
23.Bb2 a5 24.Nc3 b4 25.Nb5 Rce7 26.a4 Kh8 27.Bf3 Ba6 28.h4 Bxb5 29.axb5 Qd7
30.h5 Kg8 31.hxg6 hxg6 32.e5 f5 33.Qe2 Qa7 34.g4 dxe5 35.d6 Re6 36.fxe5 Bxe5
37.Bxe5 Rxe5 38.Qxe5 Rxe5 39.Rxe5 Nd7 40.Re7 c4+ 41.Kg2 Kf8 42.b6 Qxb6 43.Rxd7 fxg4
44.Bd5 Ke8 45.Re7+ Kd8 46.Bxc4 g3 47.Kxg3 Qc5 48.Rd5 Qg1+ 49.Kf4 Qc1+ 50.Ke5 Qc3+
51.Rd4 a4 52.Kd5 Qf3+ 53.Rde4 Qf5+ 54.R4e5 Qf3+ 55.Kc5 Qf2+ 56.Kc6 Qf3+ 57.Re4  1-0

[Event "Inline Czechia Cup"]
[Site "Olomouc CZE"]
[Date "2001.08.03"]
[Round "2"]
[White "Tupy,M"]
[Black "Kristjansson,S"]
[Result "1/2-1/2"]
[WhiteElo "2290"]
[BlackElo "2380"]

1.d4 e6 2.c4 Nf6 3.Nf3 b6 4.a3 Ba6 5.Qc2 Bb7 6.Nc3 c5 7.e4 cxd4 8.Nxd4 Bc5
9.Nb3 Nc6 10.Be2 O-O 11.O-O Nd4 12.Nxd4 Bxd4 13.Bd3 Bxc3 14.bxc3 Qc7 15.Qe2 d6
16.f4 Nd7 17.a4 Rac8 18.Ba3 e5 19.f5 f6 20.Rf3 Ba6 21.Rh3 Rfd8 22.Rd1 Nf8
23.c5 Bxd3 24.Qa2+ Kh8 25.Rhxd3 dxc5 26.Rd5 Rxd5 27.Qxd5 Qc6 28.Qc4 Qe8 29.h3 Rc7
30.Rd5 Rd7 31.Qb5 Qc8 32.a5 Qb7 33.c4 Kg8 34.Kh2 Qc7 35.Bb2 Kf7 36.Kg1 Ke7
37.Qa4 Rxd5 38.exd5 g6 39.Qc2 Kd6 40.Bc1 g5 41.Qa4 Qd7 42.Qb3 Qb7 43.Qa4 Nd7
44.Be3 b5 45.cxb5 Qxd5 46.b6 axb6 47.a6 Qa8 48.a7 Kc7 49.Bf2 h6 50.Qa6 Kc6
51.Qa4+ Kc7 52.Qa6 Kc6 53.Qa4+ Kc7  1/2-1/2

[Event "FSIMA August"]
[Site "Budapest HUN"]
[Date "2001.08.06"]
[Round "3"]
[White "Zimmerman,Y"]
[Black "Moloney,N"]
[Result "1-0"]
[WhiteElo "2346"]
[BlackElo "2208"]

1.d4 Nf6 2.c4 e6 3.Nf3 b6 4.a3 c5 5.d5 Ba6 6.Qc2 exd5 7.cxd5 g6 8.Nc3 d6
9.e4 Bxf1 10.Kxf1 Bg7 11.g3 O-O 12.Kg2 Re8 13.Re1 Qd7 14.Qd3 a6 15.a4 Ra7
16.Rb1 Rc7 17.Nd2 Ng4 18.Nc4 b5 19.axb5 axb5 20.Nb6 Qe7 21.Nxb5 Ne5 22.Qe2 Rb7
23.Nc4 Nxc4 24.Qxc4 Qd7 25.Na3 Rb4 26.Qc2 f5 27.Nc4 fxe4 28.Bd2 Rb7 29.Rxe4 Rf8
30.Re6 Bd4 31.Be3 Rb4 32.Bxd4 cxd4 33.Nxd6 Qa7 34.Ne4 Qb7 35.Qc5 Nd7 36.Qc6 Qxc6
37.dxc6 Nb6 38.Rd1 Nd5 39.Rd6 Ne7 40.c7 Rc4 41.Rd7 Nf5 42.b3 Rc2 43.Rd2 Rc6
44.b4 Re6 45.Rd8 Ne7 46.Nd6  1-0

[Event "US Open"]
[Site "Framingham USA"]
[Date "2001.08.06"]
[Round "3"]
[White "Fedorowicz,J"]
[Black "Danilovic,Mili"]
[Result "1-0"]
[WhiteElo "2525"]
[BlackElo "2131"]

1.d4 Nf6 2.c4 e6 3.Nf3 b6 4.a3 Bb7 5.Nc3 Be7 6.d5 O-O 7.e4 d6 8.Bd3 exd5
9.exd5 c6 10.O-O cxd5 11.cxd5 Na6 12.Bc4 Nc7 13.Nd4 Qd7 14.Qf3 Ng4 15.Nf5 Ne5
16.Qf4 Kh8 17.Nxe7 Nxc4 18.Qxc4 Ba6 19.Qc6 Qxe7 20.Rd1 Rac8 21.Qa4 Qe8 22.Qb4 Nb5
23.Ne4 Qe5 24.a4 Nc7 25.Nc3 Ne8 26.Bf4  1-0

[Event "Inline Czechia Cup"]
[Site "Olomouc CZE"]
[Date "2001.08.06"]
[Round "7"]
[White "Tupy,M"]
[Black "Pieniazek,Ar"]
[Result "1/2-1/2"]
[WhiteElo "2290"]
[BlackElo "2403"]

1.d4 Nf6 2.c4 e6 3.Nf3 b6 4.a3 Bb7 5.Nc3 d5 6.cxd5 Nxd5 7.e3 Be7 8.Qc2 Nxc3
9.bxc3 O-O 10.Bd3 h6 11.O-O c5 12.Bb2 cxd4 13.cxd4 Nc6 14.e4 Rc8 15.Qe2 Na5
16.Rad1 Bf6 17.Rfe1 Re8 18.h3 Bc6 19.e5 Bg5 20.Nxg5 Qxg5 21.f3 Bd5 22.Bb1 Rc7
23.Qd3 g6 24.Bc1 Qh4 25.Kh2 Rec8 26.Bd2 Nc4 27.Bc1 Kg7 28.Qe2 b5 29.Bd3 a6
30.Bxc4 Rxc4 31.Bd2 Rc2 32.Qe3 R8c4 33.Rc1 Rb2 34.Rb1 Ra2 35.Ra1 Rxa1 36.Rxa1 g5
37.Rc1 Qxd4 38.Rxc4 Qxc4 39.Bb4 Kg6 40.Kg1 Qc2 41.h4 Qd1+ 42.Kh2 Qb3 43.Qc5 Qc4
44.hxg5 Qxc5 45.Bxc5 hxg5 46.Kg3 Kf5 47.Bd6 a5 48.Kf2 g4 49.Kg3 Bc6 50.Bc7 a4
51.Bd6 gxf3 52.gxf3 Bd5 53.f4 Ke4 54.Be7 Bb3 55.Bf8 Kd5 56.Be7  1/2-1/2

[Event "Nordic Championships"]
[Site "Bergen NOR"]
[Date "2001.08.07"]
[Round "4"]
[White "Tjomsland,S"]
[Black "Ostenstad,B"]
[Result "0-1"]
[WhiteElo "2269"]
[BlackElo "2439"]

1.d4 Nf6 2.Nf3 e6 3.c4 b6 4.a3 Ba6 5.Qc2 Bb7 6.Nc3 c5 7.e4 cxd4 8.Nxd4 d6
9.g3 a6 10.Bg2 Qc7 11.b3 Be7 12.O-O Nbd7 13.Bb2 Rc8 14.Qd1 O-O 15.Rc1 Qb8
16.Re1 Rfd8 17.f3 Bf8 18.Kh1 g6 19.Qe2 h5 20.Rcd1 Bh6 21.f4 Re8 22.Nc2 h4
23.e5 dxe5 24.fxe5 h3 25.exf6 Bxg2+ 26.Kg1 Nxf6 27.Ne3 Bxe3+ 28.Qxe3 e5 29.Na4 b5
30.cxb5 axb5 31.Nc5 Ng4 32.Qc3 Ba8 33.b4 Qb6 34.Rd2 Qc6 35.Ne4 Qxe4 36.Rxe4 Rxc3
37.Rxg4 Rb3 38.Rh4 Bg2 39.Re2 Rd8 40.Rxg2 Rd1+  0-1

[Event "Nordic Championships"]
[Site "Bergen NOR"]
[Date "2001.08.09"]
[Round "6"]
[White "Plachkinova,T"]
[Black "Eriksson,Jon"]
[Result "0-1"]
[WhiteElo "2190"]
[BlackElo "2245"]

1.d4 Nf6 2.c4 e6 3.Nf3 b6 4.a3 Ba6 5.Qc2 Bb7 6.Nc3 d5 7.Bf4 a6 8.e3 Nbd7
9.cxd5 exd5 10.Bd3 Be7 11.O-O O-O 12.Ne5 h6 13.h3 c5 14.Qe2 Ne4 15.Rfd1 Nxc3
16.bxc3 Nxe5 17.dxe5 Bg5 18.Rab1 Bxf4 19.exf4 Qc7 20.Qh5 Rfe8 21.a4 Qc6 22.Be2 Rad8
23.Bf3 Qxa4 24.Rxb6 Ba8 25.Qg4 Kh8 26.Qf5 d4 27.Bh5 Re6 28.Rxe6 fxe6 29.Qxe6 Bd5
30.Qe7 Qa5 31.cxd4 Bb3 32.Rc1 c4 33.Bf7 Rc8 34.Qd7 Rd8 35.Qe7 Rc8 36.Qb7 Rd8
37.Bxc4 Qd2 38.Qxb3 Qxc1+ 39.Bf1 Rxd4 40.Qe3 Rd1 41.Qxc1 Rxc1 42.g4 a5 43.e6 Kg8
44.Kg2 Rxf1 45.Kxf1 a4 46.g5 hxg5 47.fxg5 g6  0-1

[Event "Nordic Championships"]
[Site "Bergen NOR"]
[Date "2001.08.11"]
[Round "8"]
[White "Tallaksen,G"]
[Black "Sagafos,M"]
[Result "1-0"]
[WhiteElo "2239"]
[BlackElo "2208"]

1.d4 Nf6 2.c4 e6 3.Nf3 b6 4.a3 Ba6 5.Qc2 Bb7 6.Nc3 c5 7.e4 cxd4 8.Nxd4 Nc6
9.Nxc6 Bxc6 10.Bf4 Nh5 11.Be3 Bc5 12.Bxc5 bxc5 13.Qd2 Qf6 14.g3 Qd4 15.Qe2 g6
16.Bg2 Rb8 17.O-O O-O 18.e5 Bxg2 19.Kxg2 d6 20.f4 d5 21.cxd5 exd5 22.Rad1 Qc4
23.Rf2 Qxe2 24.Rxe2 d4 25.Ne4 Rb5 26.Rc2 Ng7 27.Nxc5 Nf5 28.Rd3 Ne3+ 29.Rxe3 dxe3
30.Kf3 Rc8 31.b4 a5 32.Rc4 axb4 33.axb4 Rcb8 34.Nd3 Kf8 35.Kxe3 Ke8 36.Ke4 Kd7
37.Nc5+ Ke7 38.Na6 R8b7 39.Nc7 Rxc7 40.Rxc7+ Ke6 41.Rc6+ Kd7 42.Rc4 Ke6 43.g4  1-0

[Event "ch-FRA High Pool"]
[Site "Marsailles FRA"]
[Date "2001.08.13"]
[Round "10"]
[White "Relange,E"]
[Black "Fontaine,R"]
[Result "1-0"]
[WhiteElo "2472"]
[BlackElo "2452"]

1.c4 Nf6 2.d4 e6 3.Nf3 b6 4.a3 Ba6 5.Qc2 Bb7 6.Nc3 c5 7.d5 exd5 8.cxd5 d6
9.e4 Nbd7 10.Be2 Be7 11.O-O O-O 12.Bf4 a6 13.a4 Nh5 14.Be3 g6 15.Nd2 Ng7
16.Bh6 f5 17.exf5 gxf5 18.Bd3 Rf7 19.Bxg7 Rxg7 20.Bxf5 Kh8 21.Nc4 Nf6 22.Be6 b5
23.axb5 axb5 24.Ne3 b4 25.Ne2 Bf8 26.Ng3 Ba6 27.Rfe1 Rga7 28.Rad1 Bb5 29.Ngf5 Ra2
30.Rb1 R8a3 31.Qd1 Rd3 32.Qf3 Rb3 33.Qd1 Rbxb2 34.Rxb2 Rxb2 35.Ng4 Ra2 36.Ngh6 Be8
37.g4 Ra7 38.Qc1 Bg6 39.Qb2 Bxh6 40.Nxh6 Rg7 41.f4 Qe7 42.Ra1 Ne8 43.Ra8 Qh4
44.Rxe8+ Bxe8 45.Qxg7+ Kxg7 46.Nf5+ Kf8 47.Nxh4 b3 48.Nf3 b2 49.Nd2 Bg6 50.Bf5 Bxf5
51.gxf5 Kf7 52.Kf2 Kf6 53.Kf3 Kxf5 54.Nb1 h6 55.Nc3 Kf6 56.Kg4 Kg6 57.h4 c4
58.h5+  1-0

[Event "7th Stage Russian Cup"]
[Site "Togliatty RUS"]
[Date "2001.08.14"]
[Round "7"]
[White "Akimov,I"]
[Black "Piraev,P"]
[Result "0-1"]
[WhiteElo "2300"]
[BlackElo "2404"]

1.d4 Nf6 2.Nf3 e6 3.c4 b6 4.a3 Bb7 5.Nc3 d5 6.cxd5 Nxd5 7.e3 Bd6 8.Bd3 Nxc3
9.bxc3 Nd7 10.O-O Qe7 11.e4 e5 12.a4 O-O 13.Re1 Rfe8 14.Bg5 f6 15.Bd2 g6
16.Qe2 a6 17.h4 c6 18.h5 g5 19.Rab1 h6 20.Nh2 b5 21.Ng4 Kh7 22.Qf3 Qf7 23.Bc2 Rad8
24.Qf5+ Kg7 25.Bb3 Qxh5 26.Be6 Re7 27.Bxd7 Qf7 28.Re3 Rexd7 29.Nxh6 Qg6 30.Rh3 Bc8
31.Qg4 Bf8 32.Qe6 Qxh6 33.Rxh6 Rd6 34.Rh7+ Kxh7 35.Qf7+ Kh8 36.Qh5+ Kg7 37.Be3 Be7
38.axb5 Rh8 39.Qe2 axb5 40.f3 Be6 41.Ra1 Bc4 42.Qb2 Rd7 43.Qc1 Kg6 44.Qe1 Bd6
45.dxe5 Bxe5 46.Ra7 Rd3 47.f4 gxf4 48.Qe2 Rh4 49.Bf2 Rxc3 50.Qd2 Rd3 51.Qe2 f3
52.gxf3 Rb3 53.Qd1 Rf4 54.Qd8 Rb1+ 55.Kg2 Bf1+ 56.Kg3 Rf5+ 57.f4 Rb3+  0-1

[Event "I American Continental"]
[Site "Cali COL"]
[Date "2001.08.17"]
[Round "8"]
[White "Clavijo,J"]
[Black "Sunye Neto,J"]
[Result "1/2-1/2"]
[WhiteElo "2375"]
[BlackElo "2558"]

1.d4 Nf6 2.c4 e6 3.Nf3 b6 4.a3 d5 5.Nc3 Be7 6.Qa4+ Bd7 7.Qb3 dxc4 8.Qxc4 c5
9.e4 cxd4 10.Nxd4 e5 11.Nf5 O-O 12.Bg5 Be6 13.Qb5 Bxf5 14.exf5 a6 15.Qd3 Nbd7
16.Be2 h6 17.Be3 Nc5 18.Qxd8 Rfxd8 19.O-O b5 20.Rad1 e4 21.Rxd8+ Rxd8 22.Rd1 Rxd1+
23.Bxd1 Nd3 24.b4 Ne5 25.Bc2 Bd6 26.Nxe4 Nxe4 27.Bxe4 Nc4 28.Bc1 Kf8 29.f6 g5
30.h4 Bf4 31.Bxf4 gxf4 32.Bb7 Nxa3 33.Bxa6 Nc2 34.Bxb5 Nxb4 35.Bc4 Nc6 36.Kf1 Ne5
37.Bb5 Ng6 38.h5 Ne5 39.Ke2 Ng4 40.Kf3 Nxf6 41.Kxf4  1/2-1/2

[Event "Open"]
[Site "Feffernitz AUT"]
[Date "2001.08.19"]
[Round "2"]
[White "Galvan Sarmiento,JL"]
[Black "Neulinger,M"]
[Result "0-1"]
[WhiteElo "2093"]
[BlackElo "2348"]

1.d4 Nf6 2.c4 e6 3.Nf3 b6 4.a3 Bb7 5.Nc3 Be7 6.e3 O-O 7.Bd3 d5 8.cxd5 exd5
9.O-O Nbd7 10.Bd2 a6 11.Rc1 Bd6 12.Re1 Re8 13.Na2 Ne4 14.Bb4 c5 15.Bd2 Re6
16.Nc3 g5 17.h3 h5 18.Bxe4 dxe4 19.Nh2 g4 20.d5 Rg6 21.g3 f5 22.h4 Ne5 23.Re2 Nf3+
24.Kg2 Nxh2 25.Kxh2 Qxh4+ 26.Kg1 Qe7 27.Qf1 h4 28.Be1 Rh6 29.Rd1 Kf7 30.Red2 Rah8
31.Qg2 Ke8 32.Ne2 Qh7 33.Kf1 a5 34.Rc2 Ba6 35.Kg1 hxg3  0-1

[Event "21st Open"]
[Site "Bratto ITA"]
[Date "2001.08.22"]
[Round "1"]
[White "Komarov,D"]
[Black "Caoili,A"]
[Result "1-0"]
[WhiteElo "2525"]
[BlackElo "2152"]

1.d4 Nf6 2.c4 e6 3.Nf3 b6 4.a3 Bb7 5.Nc3 d5 6.cxd5 Nxd5 7.Qc2 Nxc3 8.bxc3 Be7
9.e4 O-O 10.Bd3 c5 11.O-O Qc8 12.Qa2 Nd7 13.Qe2 a5 14.a4 Ba6 15.Rb1 Bxd3
16.Qxd3 Qa6 17.Rb5 Rfd8 18.d5 exd5 19.exd5 Nf6 20.c4 Ne8 21.Re1 Bf6 22.Bf4 Nd6
23.Bxd6 Rxd6 24.Nd2 Rd7 25.Ne4 Be7 26.Qb3 Rb7 27.d6  1-0

[Event "21st Open"]
[Site "Bratto ITA"]
[Date "2001.08.24"]
[Round "3"]
[White "Khenkin,I"]
[Black "Lanzani,M"]
[Result "1-0"]
[WhiteElo "2579"]
[BlackElo "2380"]

1.d4 Nf6 2.c4 e6 3.Nf3 b6 4.a3 Bb7 5.Nc3 d5 6.cxd5 Nxd5 7.e3 Nd7 8.Bd3 g6
9.e4 Nxc3 10.bxc3 Bg7 11.Bg5 Qc8 12.h4 h6 13.Bf4 O-O 14.e5 c5 15.Rc1 h5 16.O-O c4
17.Bb1 b5 18.Ng5 Qc6 19.Be4 Qc7 20.Bxb7 Qxb7 21.g4 hxg4 22.Qxg4 Rfe8 23.Rfe1 f5
24.exf6 Nxf6 25.Qh3 Nh5 26.Bh2 Qd5 27.Rxe6 Rxe6 28.Qxe6+ Qxe6 29.Nxe6 Bf8
30.Nc7 Rb8 31.Rb1 a6 32.a4 b4 33.Nxa6 Ra8 34.Nxb4 Rxa4 35.Nd5 Ra5 36.Nb6  1-0